000 00542nam a2200181 i 4500
001 22492
003 ES-MaACL
005 20230906152715.0
007 t|
008 021203s1915 sp ||||1| spa d
100 1 _aAltamira, Rafael,
_d1866-1951
_920515
245 1 3 _aLa guerra actual y la opinión española /
_cRafael Altamira.
260 _aBarcelona :
_bAraluce,
_c[1915]
300 _a152 p. ;
_c19 cm.
650 0 4 _aGuerra mundial, 1914-1918-
_xOpinión pública.
_913224
852 _aES-MaACL
_jB-4050
999 _c22492
_d22492